Динамика зданий и сооружений (Запись № 13668287)

Подробности
000 -МАРКЕР
контрольное поле 02255nam0a2200349 4500
001 - ИДЕНТИФИКАТОР ЗАПИСИ
контрольное поле RU\NLR\BIBL_A\022362645
005 - ИДЕНТИФИКАТОР ВЕРСИИ
контрольное поле 20260420020342.0
010 ## - МЕЖДУНАРОДНЫЙ СТАНДАРТНЫЙ НОМЕР КНИГИ (ISBN)
Номер (ISBN) 978-5-361-01288-6
Тираж 50
021 ## - НОМЕР ГОСУДАРСТВЕННОЙ РЕГИСТРАЦИИ
Код страны Российская Федерация
Номер КН-П-24-054300
Номер Листа государственной регистраци КН-П-24-5411
035 ## - ДРУГИЕ СИСТЕМНЫЕ НОМЕРА
Идентификатор записи (NLR Aleph) 022362645
100 ## - ДАННЫЕ ОБЩЕЙ ОБРАБОТКИ
Данные общей обработки 20241024d2023 u y0rusy50 ca
101 0# - ЯЗЫК РЕСУРСА
Язык текста, звукозаписи и т.д. русский
102 ## - СТРАНА ПУБЛИКАЦИИ ИЛИ ПРОИЗВОДСТВА
Страна публикации Российская Федерация
105 ## - ПОЛЕ КОДИРОВАННЫХ ДАННЫХ: ТЕКСТОВЫЕ МАТЕРИАЛЫ, МОНОГРАФИЧЕСКИЕ
Кодированные данные о монографическом текстовом документе a|||j|||000yy
181 #0 - ПОЛЕ КОДИРОВАННЫХ ДАННЫХ: ВИД СОДЕРЖАНИЯ
Код вида содержания (ISBD) i3
Код характеристики содержания (ISBD) axxe
182 #0 - ПОЛЕ КОДИРОВАННЫХ ДАННЫХ: ТИП СРЕДСТВА
Код типа средства (ISBD) n - непосредственное
200 1# - ЗАГЛАВИЕ И СВЕДЕНИЯ ОБ ОТВЕТСТВЕННОСТИ
Основное заглавие Динамика зданий и сооружений
Сведения, относящиеся к заглавию конспект лекций
-- учебное пособие для слушателей программы профессиональной переподготовки "Динамические методы технической диагностики зданий и сооружений в условиях чрезвычайных ситуаций"
Первые сведения об ответственности Л. А. Сулейманова, С. М. Есипов, П. А. Амелин
Последующие сведения об ответственности Министерство науки и высшего образования Российской Федерации, Белгородский государственный технологический университет им. В. Г. Шухова
203 ## - ВИД СОДЕРЖАНИЯ И ТИП СРЕДСТВА
Вид содержания Текст
Дополнительные сведения об издании визуальный
Тип средства непосредственный
210 ## - ПУБЛИКАЦИЯ, РАСПРОСТРАНЕНИЕ И ДР.
Место издания, распространения и т.д. Белгород
Имя издателя, распространителя и т. д. Изд-во БГТУ
Дата издания, распространения и т.д. 2023
215 ## - ФИЗИЧЕСКАЯ ХАРАКТЕРИСТИКА
Специфическое обозначение материала и объем 97 с.
Другие сведения о физической характеристике ил., табл.
Размеры 21
320 ## - ПРИМЕЧАНИЯ О НАЛИЧИИ В ДОКУМЕНТЕ БИБЛИОГРАФИИ / УКАЗАТЕЛЯ
Текст примечания Библиогр.: с. 96-97 (21 назв.)
606 1# - НАИМЕНОВАНИЕ ТЕМЫ КАК ПРЕДМЕТ
Наименование темы Динамика сооружений
Формальный подзаголовок Учебные издания для повышения квалификации
Системный номер авторитетной/нормативной записи 978598
Идентификатор авторитетной/нормативной записи RU\NLR\AUTH\66368143
606 1# - НАИМЕНОВАНИЕ ТЕМЫ КАК ПРЕДМЕТ
Наименование темы Сооружения
Формальный подзаголовок Учебные издания для повышения квалификации
Тематический подзаголовок Устойчивость
Системный номер авторитетной/нормативной записи 1821837
Идентификатор авторитетной/нормативной записи RU\NLR\AUTH\661115412
686 1# - ИНДЕКСЫ ДРУГИХ КЛАССИФИКАЦИЙ
Индекс Н112я77-1
700 #1 - ИМЯ ЛИЦА - ПЕРВИЧНАЯ ОТВЕТСТВЕННОСТЬ
Графика поля Кириллица
Материалы, к которым относится поле rus
Начальный элемент ввода Сулейманова
Часть имени, кроме начального элемента ввода Л. А.
Дополнения к именам, кроме дат д-р техн. наук
Расширение инициалов личного имени Людмила Александровна
Системный номер авторитетной/нормативной записи 221108
Идентификатор авторитетной/нормативной записи RU\NLR\AUTH\770221164
701 #1 - ИМЯ ЛИЦА - АЛЬТЕРНАТИВНАЯ ОТВЕТСТВЕННОСТЬ
Начальный элемент ввода Есипов
Часть имени, кроме начального элемента ввода С. М.
Расширение инициалов личного имени Станислав Максимович
701 #1 - ИМЯ ЛИЦА - АЛЬТЕРНАТИВНАЯ ОТВЕТСТВЕННОСТЬ
Начальный элемент ввода Амелин
Часть имени, кроме начального элемента ввода П. А.
Расширение инициалов личного имени Павел Андреевич
942 ## - ДОПОЛНИТЕЛЬНЫЕ ЭЛЕМЕНТЫ ЗАПИСИ (АБИС)
Тип экземпляра АБИС Книга
980 ## - КОЛЛЕКЦИЯ
Название коллекции Национальная библиография

Нет доступных экземпляров.